Sociological Foundation of Education (Record no. 3889)

MARC details
000 -LEADER
fixed length control field 00398nam a22001457a 4500
008 - FIXED-LENGTH DATA ELEMENTS--GENERAL INFORMATION
fixed length control field 250618b |||||||| |||| 00| 0 eng d
020 ## - INTERNATIONAL STANDARD BOOK NUMBER
ISBN 9789381159231
100 ## - MAIN ENTRY--AUTHOR
Author Singh Mahaveer
245 ## - TITLE STATEMENT
Title Sociological Foundation of Education
260 ## - PUBLICATION, DISTRIBUTION, ETC. (IMPRINT)
Place of publication New Delhi
Name of publisher University Science Press
Date of publication 2021
300 ## - COLLATION
Pagination 242p
Other physical details ill;
650 ## - TRACINGS
Main Subject Educational Sociology
942 ## - ADDED ENTRY ELEMENTS (KOHA)
Item type Books
050 ## - LIBRARY OF CONGRESS CALL NUMBER
Classification number LC 189
Item number .S56
Holdings
Source of classification or shelving scheme Not for loan Permanent location Current location Date acquired Accession No. Full call number Barcode. Koha item type
Library of Congress Classification   Samuel Ogbemudia Main Library, University of Abuja Samuel Ogbemudia Main Library, University of Abuja 06/18/2025 2023/61853 LC 189 .S56 2025-2570 Books